|
|
|
|
| LEADER |
01164nam a22002897a 4500 |
| 001 |
35167 |
| 003 |
BD-DhAAL |
| 005 |
20190829105859.0 |
| 008 |
190829t2001 fr kW 0000 eng e eng d |
| 999 |
|
|
|c 41086
|d 41086
|
| 020 |
|
|
|a 2879392381
|
| 020 |
|
|
|a 9782879392387
|
| 040 |
|
|
|a BD-DhAAL
|
| 082 |
|
|
|a 720.92
|2 22
|
| 100 |
|
|
|a Lyon, Dominique
|9 33738
|
| 245 |
|
|
|a Le Corbusier alive /
|c text, Dominique Lyon ; photography, Anriet Denis ; coordination, Olivier Boissière
|
| 260 |
|
|
|a Paris :
|b Terrail,
|c ©2001.
|
| 300 |
|
|
|a 191 pages :
|b color illustrations ;
|c 30 cm
|
| 504 |
|
|
|6 Includes bibliographical references (page 191).
|
| 526 |
|
|
|a ARC
|
| 541 |
|
|
|a Complimentary copy from the department of Architecture
|e 35167
|
| 600 |
|
|
|a Le Corbusier,
|d 1887-1965
|9 33739
|
| 700 |
|
|
|a Denis, Anriet
|9 33740
|
| 700 |
|
|
|a Boissière, Olivier
|9 33741
|
| 852 |
|
|
|a Department of Architecture
|c General Stacks
|
| 942 |
|
|
|2 ddc
|c BK
|
| 952 |
|
|
|0 0
|1 0
|2 ddc
|4 0
|6 720_920000000000000_LYO
|7 0
|9 66109
|a BRACUL
|b BRACUL
|c GEN
|d 2019-08-29
|e Complimentary copy
|l 2
|m 2
|o 720.92 LYO
|p 3010035167
|q 2026-04-05
|r 2026-02-28
|s 2026-02-28
|t 1
|w 2019-08-29
|y BK
|x Transferred from ARC to BRACUL on 28/12/2023
|